000 00997nam a2200277 i 4500
003 DO-SdBNP
005 20230517101239.0
006 a||||fr|||| 00| 0
007 ta
008 230512e2022 dr aoc|fr|||| 001 udspa d
020 _a9789945934717
040 _aDO-SdBNP
_bspa
_cBNPHU
_erda
082 4 _222
_bP441o
245 1 0 _aOrtopedia y traumatología pediátrica. /
_cMáximo Pericchi Eusebio; prólogo, Tito Suero Portorreal
264 _aSanto Domingo :
_bPrinthen Impresos y Más, S.R.L.,
_c2022
300 _a474 páginas :
_bilustraciones, fotografía, retrato ;
_c28 cm.
336 _2rdaconten
_atexto
_btxt
337 _2rdamedia
_asin medición
_bn
338 _2rdacarrier
_avolumen
_bnc
500 _aIncluye datos biográficos del autor en la contracubierta
500 _aIncluye bibliografía y notas al pie de fotos
504 _aBibliografía: páginas 473-174
590 _aInventariado 2023 / MF
700 1 _981697
_aSuero Portorreal, Tito,
_eprólogo
942 _2ddc
_cLBS1
999 _c53501
_d53501